UBT Library

Introduction to power electronics / (Record no. 1263)

000 -LEADER
fixed length control field 00495nam a22001817a 4500
008 - FIXED-LENGTH DATA ELEMENTS--GENERAL INFORMATION
fixed length control field 151013b xxu||||| |||| 00| 0 eng d
020 ## - INTERNATIONAL STANDARD BOOK NUMBER
International Standard Book Number 0023511826
041 0# - LANGUAGE CODE
Language code of text/sound track or separate title eng
080 ## - UNIVERSAL DECIMAL CLASSIFICATION NUMBER
Universal Decimal Classification number 621.3
100 1# - Rafti
Rafti Hart, Daniel W.
245 10 - TITLE STATEMENT
Title Introduction to power electronics /
Statement of responsibility, etc Daniel W. Hart.
260 ## -
-- Upper Saddle River, N.J. :
-- Prentice Hall,
-- 1997.
300 ## -
-- xiv, 418 f. :
-- me il.;
-- 25 cm.
650 #0 -
-- Elektronika
650 #0 -
-- Elektroteknika
650 #0 -
-- Fuqia
942 ## - ADDED ENTRY ELEMENTS (KOHA)
Source of classification or shelving scheme
Item type Books
Holdings
Withdrawn status Lost status Source of classification or shelving scheme Damaged status Not for loan Collection code Permanent location Current location Shelving location Date acquired Total Checkouts Full call number Barcode Date last seen Price effective from Koha item type
          Koleksioni i përgjithshem UBT - Lipjan UBT - Lipjan Koleksioni i përgjithshem 10/13/2015   621.3 HAR 002-008302 10/13/2015 10/13/2015 Books
UBT Library © 2015-2024. All rights reserved University Education for Business and Technology